|
|
|
|
| LEADER |
00000nam a2200000 a 4500 |
| 001 |
vtls001346375 |
| 003 |
SK-MaSNL |
| 005 |
20260301114720.0 |
| 008 |
251113s1974 xr 0 cze |
| 035 |
|
|
|a SNK000299617
|
| 040 |
|
|
|a SNK
|b slo
|c SNK
|e AACR2
|
| 041 |
0 |
|
|a cze
|
| 044 |
|
|
|a CZ
|
| 080 |
|
|
|a 821.162.3-1
|2 2011
|
| 100 |
1 |
|
|a Nezval, Vítězslav,
|d 1900-1958
|4 aut
|9 203046
|
| 245 |
1 |
0 |
|a Pražská domovní znamení
|c Vítězslav Nezval ; výbor uspoř., doslov, ediční pozn. a vysvětl. naps. Milan Blahynka ; il. Jiří Švengsbír
|
| 260 |
|
|
|a Praha
|b Albatros
|c 1974
|
| 300 |
|
|
|a 158 s.
|c 8°
|
| 490 |
1 |
|
|a Zlatoroh
|
| 655 |
|
7 |
|a česká poézia
|2 SNKPH
|9 70569
|
| 700 |
1 |
|
|a Blahynka, Milan,
|d 1933-
|4 zos
|4 upr
|4 auv
|9 18536
|
| 700 |
1 |
|
|a Švengsbír, Jiří
|4 ilu
|9 458594
|
| 830 |
|
0 |
|a Zlatoroh
|9 320523
|
| 852 |
|
|
|a Štátna vedecká knižnica v Banskej Bystrici
|
| 958 |
|
|
|a RK
|
| 958 |
|
|
|a OND
|
| 999 |
|
|
|c 719476
|d 721406
|
| 952 |
|
|
|t P60, <04>, [BOOK], {604}
|a SNK
|b SNK
|y VYP
|7 0
|o snkIC 58714
|i snkKIP 9031/74
|0 0
|1 0
|4 0
|d 1998-10-26
|l 0
|r 2005-01-02 00:00:00
|w 2026-02-23
|
| 952 |
|
|
|t P60, <04>, [BOOK], {604}
|a SNK
|b SNK
|y VYP
|7 0
|o snkIC 58714 D1
|i snkKIP 9032/74
|0 0
|1 0
|4 0
|d 1998-10-26
|l 0
|r 2005-01-02 00:00:00
|w 2026-02-23
|